El Príncipe heredero del Japón
Descripción Física:
Il·lustracions
Colección:
San Jorge,
; núm. 11 (juliol 1953), pàg 92-93
Idioma:
Español
MARC
| LEADER | 00000nam a2200000 a 4500 | ||
|---|---|---|---|
| 003 | Arxiu | ||
| 005 | 20260324181032.0 | ||
| 008 | 160829s1953 spcaxx s0 spa c | ||
| 040 | |a agdb | ||
| 245 | 0 | 3 | |a El Príncipe heredero del Japón |
| 300 | |b Il·lustracions | ||
| 490 | |a San Jorge, |v núm. 11 (juliol 1953), pàg 92-93 | ||
| 600 | 0 | 0 | |9 54797 |a Akihito, |c emperador del Japó, |d 1933- |
| 650 | 0 | |a Visites oficials |9 31008 |z Barcelona (Catalunya) | |
| 773 | |g Núm. 11 (juliol 1953), pàg 92-93 |t San Jorge. | ||
| 901 | |a Arxiu | ||
| 942 | |n 1 |2 udc |c ART | ||
| 952 | |0 0 |1 0 |4 0 |6 REV508 |7 1 |9 64438 |a Arxiu |b Arxiu |d 2022-11-29 |o Rev-508 |r 2022-11-29 00:00:00 |w 2022-11-29 |y ARXIU |z També disponible a Rev-522 | ||
| 999 | |c 47875 |d 47875 | ||